000 00541nam a22001937a 4500
005 20250123122441.0
008 250123b |||||||| |||| 00| 0 eng d
020 _a9780071086547
050 _aHM141
_b.H78 HUG
100 _aHughes, Richard L.
245 _aLeadership;
_bEnhancing the lessons of experience
250 _a7th
260 _aNew York
_bMcGraw-Hill
_c2012
300 _axviii, 716p;
_bill.;
500 _aincludes name and subject index
700 _aGinnett, Robert C.
700 _aCurphy, Gordon J.
942 _2lcc
_cBK
_n0
999 _c2918
_d2918